Principles of administrative law (Record no. 108041)

MARC details
000 -LEADER
fixed length control field 00376nam a2200157Ia 4500
008 - FIXED-LENGTH DATA ELEMENTS--GENERAL INFORMATION
fixed length control field 230917s9999||||xx |||||||||||||| ||und||
040 ## - CATALOGING SOURCE
-- 96025
Original cataloging agency VIVEKANANDA LIBRARY
041 ## - Language
-- English
082 ## - DDC NUMBER
Classification number 342 J199P(4)
100 ## - MAIN ENTRY--PERSONAL NAME
Personal name Jain, M P
245 #0 - TITLE STATEMENT
Title Principles of administrative law
250 ## - EDITION STATEMENT
Edition statement 4th ed.
260 ## - PUBLICATION, DISTRIBUTION, ETC. (IMPRINT)
Place of publication, distribution, etc Nagpur
Name of publisher, distributor, etc Wadhwa
Date of publication, distribution, etc 2001
300 ## - PHYSICAL DESCRIPTION
Pages xlvi, 1072 p.
942 ## - ADDED ENTRY ELEMENTS (KOHA)
Koha item type Books
Holdings
Withdrawn status Lost status Damaged status Not for loan Location (home branch) Sublocation or collection (holding branch) Date acquired Koha issues (times borrowed) Koha full call number Accession No. Koha date last seen Koha item type
        VIVEKANANDA LIBRARY VIVEKANANDA LIBRARY 05/08/2003   342 J199P(4) 194337 17/09/2023 Books
        VIVEKANANDA LIBRARY VIVEKANANDA LIBRARY 05/08/2003 2 342 J199P(4) 194338 17/04/2026 Books
        VIVEKANANDA LIBRARY VIVEKANANDA LIBRARY 05/08/2003   342 J199P(4) 209289 17/09/2023 Books
© Designed and Maintained by Vivekananda Library, MDU Rohtak